|
|
|
|
| LEADER |
01841cas a2200241 a 4500 |
| 001 |
AALejournalIMF016573 |
| 008 |
230101c9999 xx r poo 0 0eng d |
| 020 |
|
|
|c 5.00 USD
|
| 020 |
|
|
|z 9781498315906
|
| 022 |
|
|
|a 1934-7685
|
| 040 |
|
|
|a BD-DhAAL
|c BD-DhAAL
|
| 110 |
2 |
|
|a International Monetary Fund.
|b Fiscal Affairs Dept.
|
| 245 |
1 |
0 |
|a Ukraine :
|b Technical Assistance Report-Reducing Social Security Contributions and Improving the Corporate and Small Business Tax System.
|
| 264 |
|
1 |
|a Washington, D.C. :
|b International Monetary Fund,
|c 2016.
|
| 300 |
|
|
|a 1 online resource (85 pages)
|
| 490 |
1 |
|
|a IMF Staff Country Reports
|
| 500 |
|
|
|a <strong>Off-Campus Access:</strong> No User ID or Password Required
|
| 500 |
|
|
|a <strong>On-Campus Access:</strong> No User ID or Password Required
|
| 506 |
|
|
|a Electronic access restricted to authorized BRAC University faculty, staff and students
|
| 520 |
3 |
|
|a This paper discusses four key issues, which are closely connected, on tax policy in Ukraine. These issues are social security contribution (SSC), the simplified tax regime for small taxpayers, the corporate profit tax, and excise tax. Ukraine's SSC rates are very high, which are associated with an oversized informal sector that erodes the tax base, while the simplified tax regime for small taxpayers provides inordinate benefits that weaken the tax system and is prone to abuse. Corporate profit tax revenue has declined to its lowest level since 2006 and is now well below the regional average. Excise taxes have become an important revenue source, but remain low by international standards.
|
| 538 |
|
|
|a Mode of access: Internet
|
| 830 |
|
0 |
|a IMF Staff Country Reports; Country Report ;
|v No. 2016/025
|
| 856 |
4 |
0 |
|z Full text available on IMF
|u http://elibrary.imf.org/view/journals/002/2016/025/002.2016.issue-025-en.xml
|z IMF e-Library
|